Análisis de la implementación de un sistema de buses de tránsito rápido para el corredor Tibás – Santo Domingo
Salvato in:
| Autore principale: | |
|---|---|
| Altri autori: | |
| Natura: | Libro |
| Lingua: | Spanish |
| Pubblicazione: |
San José, Costa Rica
2020.
|
| Soggetti: | |
| Tags: |
Aggiungi Tag
Nessun Tag, puoi essere il primo ad aggiungerne!!
|
MARC
| LEADER | 00000nam a2200000Ia 4500 | ||
|---|---|---|---|
| 003 | 013230 | ||
| 005 | 20230315080615.0 | ||
| 008 | 140116s2020 cr a 000 ||spa d | ||
| 040 | |c cru CEDI | ||
| 100 | |a Salazar Villalobos, Luis Eduardo, 1995- |9 245 | ||
| 245 | |a Análisis de la implementación de un sistema de buses de tránsito rápido para el corredor Tibás – Santo Domingo | ||
| 260 | |a San José, Costa Rica |c 2020. | ||
| 500 | |a Trabajo final de graduación (licenciatura en ingeniería civil)--Universidad de Costa Rica. Facultad de Ingeniería. Escuela de Ingeniería Civil. Departamento Transportes | ||
| 501 | |a Director Trabajo Final de Graduación: Jonathan Agüero Valverde, Ph.D | ||
| 650 | |x TRANSPORTE URBANO |x COSTOS DE OPERACION |x INGENIERÍA DEL TRANSPORTE |x RUTAS COMERCIALES |x AUTOBUSES DE TRANSITO RAPIDO - PLANIFICACION |x TRANSPORTE PUBLICO - INVESTIGACIONES - SANTO DOMINGO (HEREDIA, COSTA RICA) |x TRANSPORTE PUBLICO - INVESTIGACIONES - TIBAS (SAN JOSE, COSTA RICA) | ||
| 700 | |9 242 |a Agüero Valverde, Jonathan Gerardo, 1976- |d Director del TFG | ||
| 942 | |c CEDI |h TFG 8381 |6 TFG_8381_000000000000000 | ||
| 999 | |c 13233 |d 13233 | ||
